[Event "Nordic Youth Chess Championship"]
[Site "?"]
[Date "2020.02.14"]
[Round "2.6"]
[White "Skaale, Janus"]
[Black "Takala, Jaakko"]
[Result "1-0"]
[BlackElo "1686"]
[WhiteElo "1799"]
[LiveChessVersion "1.4.8"]

1. e4 {[%clk 1:30:53]} e6 {[%clk 1:30:49]} 2. d4 {[%clk 1:31:14]} d5
{[%clk 1:31:11]} 3. Nd2 {[%clk 1:30:29]} Nf6 {[%clk 1:30:49]} 4. e5
{[%clk 1:30:01]} Nfd7 {[%clk 1:31:07]} 5. Bd3 {[%clk 1:29:41]} c5
{[%clk 1:30:55]} 6. c3 {[%clk 1:29:32]} Nc6 {[%clk 1:29:54]} 7. Ne2
{[%clk 1:28:30]} a6 {[%clk 1:24:32]} 8. O-O {[%clk 1:27:39]} b5 {[%clk 1:23:08]}
9. Nf3 {[%clk 1:26:29]} Qb6 {[%clk 1:19:35]} 10. Be3 {[%clk 1:21:42]} c4
{[%clk 1:14:06]} 11. Bc2 {[%clk 1:21:36]} b4 {[%clk 1:13:16]} 12. Nf4
{[%clk 1:20:36]} Rb8 {[%clk 1:04:45]} 13. Ng5 {[%clk 0:58:11]} g6
{[%clk 0:48:15]} 14. Qf3 {[%clk 0:39:50]} Nd8 {[%clk 0:46:10]} 15. Rfe1
{[%clk 0:38:52]} bxc3 {[%clk 0:40:19]} 16. bxc3 {[%clk 0:38:36]} Qb2
{[%clk 0:37:50]} 17. Rac1 {[%clk 0:36:52]} Qxa2 {[%clk 0:34:51]} 18. Bd2
{[%clk 0:35:08]} Ba3 {[%clk 0:33:21]} 19. Nxd5 {[%clk 0:30:49]} exd5
{[%clk 0:30:11]} 20. e6 {[%clk 0:31:09]} O-O {[%clk 0:21:06]} 21. e7
{[%clk 0:20:48]} Bxe7 {[%clk 0:17:14]} 22. Rxe7 {[%clk 0:21:14]} Rb2
{[%clk 0:11:42]} 23. Qd1 {[%clk 0:11:56]} Qa3 {[%clk 0:10:29]} 24. Re1
{[%clk 0:11:40]} Nf6 {[%clk 0:10:10]} 25. Qf3 {[%clk 0:10:32]} Qd6
{[%clk 0:10:11]} 26. Bf4 {[%clk 0:10:21]} Qc6 {[%clk 0:09:48]} 27. Be5
{[%clk 0:09:09]} Rb6 {[%clk 0:09:07]} 28. Rb1 {[%clk 0:08:25]} Re8
{[%clk 0:08:28]} 29. Rxb6 {[%clk 0:08:13]} Qxb6 {[%clk 0:08:55]} 30. Rb1
{[%clk 0:07:45]} Bg4 {[%clk 0:02:42]} 31. Rxb6 {[%clk 0:05:29]} Bxf3
{[%clk 0:03:07]} 32. Nxf3 {[%clk 0:05:50]} Nd7 {[%clk 0:02:59]} 33. Rxa6
{[%clk 0:04:40]} Nxe5 {[%clk 0:03:28]} 34. dxe5 {[%clk 0:04:40]} Nb7
{[%clk 0:02:48]} 35. Ba4 {[%clk 0:03:46]} Rd8 {[%clk 0:01:35]} 36. Bc6
{[%clk 0:02:42]} Nc5 {[%clk 0:01:35]} 37. Ra8 {[%clk 0:02:22]} Rxa8
{[%clk 0:01:59]} 38. Bxa8 {[%clk 0:02:47]} Ne4 {[%clk 0:01:58]} 39. Bxd5
{[%clk 0:02:50]} Nxc3 {[%clk 0:02:26]} 40. Bxc4 {[%clk 0:03:03]} Kg7
{[%clk 0:02:54]} 41. g3 {[%clk 0:02:52]} Ne4 {[%clk 0:02:44]} 42. Bb5
{[%clk 0:02:27]} Nc5 {[%clk 0:02:50]} 43. Nd2 {[%clk 0:02:10]} f6
{[%clk 0:02:56]} 44. f4 {[%clk 0:01:55]} Kf7 {[%clk 0:02:48]} 45. Bc4+
{[%clk 0:01:49]} Ke7 {[%clk 0:03:09]} 46. Kf2 {[%clk 0:01:49]} h6
{[%clk 0:03:10]} 47. Ke3 {[%clk 0:02:02]} g5 {[%clk 0:03:27]} 48. Ne4
{[%clk 0:01:54]} gxf4+ {[%clk 0:03:18]} 49. gxf4 {[%clk 0:02:02]} fxe5
{[%clk 0:02:35]} 50. Nxc5 {[%clk 0:01:33]} exf4+ {[%clk 0:02:49]} 51. Kxf4
{[%clk 0:02:02]} Kf6 {[%clk 0:03:05]} 52. Kg4 {[%clk 0:02:09]} Kg6
{[%clk 0:03:18]} 53. Bd3+ {[%clk 0:02:27]} 1-0

[Event "Nordic Youth Chess Championship"]
[Site "?"]
[Date "2020.02.14"]
[Round "2.7"]
[White "Briem, Stephan"]
[Black "Torngren, Gustav"]
[Result "0-1"]
[BlackElo "2279"]
[WhiteElo "2197"]
[LiveChessVersion "1.4.8"]

1. d4 {[%clk 1:30:41]} Nf6 {[%clk 1:30:52]} 2. Nf3 {[%clk 1:30:49]} g6
{[%clk 1:31:14]} 3. c4 {[%clk 1:31:00]} Bg7 {[%clk 1:31:34]} 4. e3
{[%clk 1:30:04]} O-O {[%clk 1:32:20]} 5. Be2 {[%clk 1:26:59]} d6 {[%clk 1:32:48]}
6. Nc3 {[%clk 1:27:19]} Nbd7 {[%clk 1:32:57]} 7. O-O {[%clk 1:27:37]} e5
{[%clk 1:32:08]} 8. Qc2 {[%clk 1:21:35]} Re8 {[%clk 1:31:51]} 9. dxe5
{[%clk 1:11:00]} dxe5 10. e4 c6 {[%clk 1:31:52]} 11. Rd1 {[%clk 1:09:25]} Qc7
{[%clk 1:32:08]} 12. b4 Nf8 13. h3 {[%clk 1:05:29]} Ne6 {[%clk 1:16:36]} 14. Be3
{[%clk 1:04:10]} a5 {[%clk 1:09:45]} 15. b5 {[%clk 0:59:58]} Nd7 {[%clk 1:09:16]}
16. Rd2 {[%clk 0:57:38]} Ndc5 {[%clk 1:03:48]} 17. Rad1 {[%clk 0:45:44]} a4
{[%clk 0:51:25]} 18. Bf1 {[%clk 0:40:16]} a3 {[%clk 0:49:11]} 19. Ne2
{[%clk 0:33:23]} f6 {[%clk 0:40:33]} 20. Nc1 {[%clk 0:28:27]} Bf8
{[%clk 0:40:33]} 21. Ne1 {[%clk 0:25:23]} Na4 {[%clk 0:36:03]} 22. Ned3
{[%clk 0:18:21]} Nd4 {[%clk 0:27:48]} 23. Bxd4 {[%clk 0:18:17]} exd4
{[%clk 0:28:17]} 24. Re1 {[%clk 0:17:37]} c5 {[%clk 0:27:18]} 25. g3
{[%clk 0:15:08]} Bh6 {[%clk 0:25:13]} 26. f4 {[%clk 0:13:47]} Be6
{[%clk 0:21:35]} 27. Nb3 {[%clk 0:09:46]} b6 {[%clk 0:20:30]} 28. Rf2
{[%clk 0:07:23]} Nc3 {[%clk 0:17:14]} 29. Nd2 {[%clk 0:07:18]} f5
{[%clk 0:16:10]} 30. Ne5 {[%clk 0:03:25]} Bg7 {[%clk 0:16:38]} 31. Nef3
{[%clk 0:03:10]} fxe4 {[%clk 0:16:05]} 32. Nxe4 {[%clk 0:02:28]} Bf5
{[%clk 0:16:32]} 33. Bd3 {[%clk 0:02:43]} Bxh3 {[%clk 0:16:27]} 34. Neg5
{[%clk 0:01:12]} Rxe1+ {[%clk 0:16:35]} 35. Nxe1 {[%clk 0:01:41]} Qe7
{[%clk 0:15:12]} 36. Nef3 {[%clk 0:00:45]} Bg4 {[%clk 0:15:38]} 37. Nh4
{[%clk 0:00:36]} Qe1+ {[%clk 0:15:45]} 38. Kh2 {[%clk 0:00:35]} Nd1
{[%clk 0:12:37]} 39. Rf1 {[%clk 0:00:34]} Qc3 {[%clk 0:12:09]} 40. Rxd1
{[%clk 0:00:39]} Qxc2+ {[%clk 0:11:27]} 41. Bxc2 {[%clk 0:01:06]} Bxd1
{[%clk 0:11:56]} 42. Bxd1 {[%clk 0:01:35]} Bf6 {[%clk 0:11:51]} 43. Ne4
{[%clk 0:01:33]} Bxh4 {[%clk 0:11:04]} 44. gxh4 {[%clk 0:02:02]} Kf7
{[%clk 0:08:48]} 45. Kg3 {[%clk 0:01:59]} Ra7 {[%clk 0:07:31]} 46. Kf3
{[%clk 0:01:34]} h6 {[%clk 0:07:16]} 47. Bc2 {[%clk 0:01:01]} Rd7
{[%clk 0:07:43]} 48. Bd3 {[%clk 0:01:01]} Ra7 {[%clk 0:08:00]} 49. Bc2
{[%clk 0:01:30]} Kg7 {[%clk 0:08:05]} 50. Nd2 {[%clk 0:01:13]} Re7
{[%clk 0:07:57]} 51. Ne4 {[%clk 0:01:35]} Ra7 {[%clk 0:08:19]} 52. Nd2
{[%clk 0:00:59]} Kf6 {[%clk 0:08:36]} 53. Ne4+ {[%clk 0:01:17]} Ke6
{[%clk 0:08:33]} 54. Nf2 {[%clk 0:01:00]} Kf6 {[%clk 0:06:35]} 55. Ng4+
{[%clk 0:01:17]} Kg7 56. Ke4 {[%clk 0:00:38]} Re7+ {[%clk 0:07:29]} 57. Ne5
{[%clk 0:00:55]} Kf6 {[%clk 0:07:59]} 58. Kf3 {[%clk 0:00:35]} g5
{[%clk 0:07:58]} 59. Ng4+ {[%clk 0:00:34]} Kg7 {[%clk 0:08:27]} 60. hxg5
{[%clk 0:00:34]} hxg5 {[%clk 0:08:55]} 61. Ne5 {[%clk 0:00:37]} gxf4
{[%clk 0:09:10]} 62. Kxf4 {[%clk 0:00:53]} Kf6 {[%clk 0:09:38]} 63. Ng4+
{[%clk 0:00:48]} Ke6 {[%clk 0:10:07]} 64. Ke4 {[%clk 0:00:46]} Kd6+
{[%clk 0:10:37]} 65. Kd3 Re1 {[%clk 0:10:23]} 66. Nf2 {[%clk 0:00:34]} Ra1
{[%clk 0:09:21]} 67. Bb3 {[%clk 0:00:39]} Rb1 {[%clk 0:09:46]} 68. Ne4+
{[%clk 0:01:05]} Ke5 {[%clk 0:10:14]} 69. Nd2 {[%clk 0:01:02]} Rh1
{[%clk 0:10:27]} 70. Kc2 {[%clk 0:01:09]} Kf4 {[%clk 0:10:48]} 71. Kd3
{[%clk 0:00:44]} Re1 {[%clk 0:10:10]} 72. Ba4 {[%clk 0:00:43]} Re3+
{[%clk 0:09:34]} 73. Kc2 {[%clk 0:01:07]} Rh3 {[%clk 0:09:35]} 74. Bb3
{[%clk 0:00:38]} Ke3 {[%clk 0:09:58]} 75. Nb1 {[%clk 0:00:33]} Rh2+
{[%clk 0:09:54]} 76. Kc1 {[%clk 0:00:59]} d3 {[%clk 0:06:13]} 77. Nxa3
{[%clk 0:01:11]} d2+ {[%clk 0:06:24]} 78. Kc2 {[%clk 0:01:09]} Rh1
{[%clk 0:06:46]} 79. Kb2 {[%clk 0:00:39]} Kd3 {[%clk 0:05:57]} 80. Bc2+
{[%clk 0:00:59]} Kd4 {[%clk 0:06:14]} 81. Kb3 {[%clk 0:00:36]} d1=Q
{[%clk 0:06:17]} 82. Bxd1 {[%clk 0:00:57]} Rxd1 {[%clk 0:06:44]} 83. Nc2+
{[%clk 0:00:36]} Kd3 {[%clk 0:07:00]} 84. Na3 {[%clk 0:00:32]} Rc1
{[%clk 0:06:28]} 85. Kb2 {[%clk 0:00:36]} Rc3 {[%clk 0:06:48]} 86. Nb1
{[%clk 0:00:54]} Rxc4 {[%clk 0:07:01]} 87. a3 {[%clk 0:01:02]} Rh4
{[%clk 0:06:34]} 88. Nc3 {[%clk 0:01:02]} c4 {[%clk 0:05:53]} 89. Nd5
{[%clk 0:00:46]} Rh2+ {[%clk 0:06:19]} 90. Kb1 {[%clk 0:00:53]} c3
{[%clk 0:06:28]} 91. a4 {[%clk 0:00:45]} Rh1+ {[%clk 0:06:18]} 92. Ka2
{[%clk 0:01:14]} c2 {[%clk 0:06:34]} 93. Nb4+ {[%clk 0:01:28]} Kc3
{[%clk 0:07:00]} 94. Nd5+ {[%clk 0:01:16]} Kd4 {[%clk 0:07:28]} 0-1

[Event "Nordic Youth Chess Championship"]
[Site "?"]
[Date "2020.02.14"]
[Round "2.8"]
[White "Vitenberg, Noam Aviv"]
[Black "Easwaralingam, Adesh"]
[Result "1/2-1/2"]
[BlackElo "2279"]
[WhiteElo "2276"]
[LiveChessVersion "1.4.8"]

1. Nf3 {[%clk 1:30:45]} Nf6 {[%clk 1:30:52]} 2. c4 {[%clk 1:30:46]} e6
{[%clk 1:31:06]} 3. Nc3 {[%clk 1:30:58]} d5 {[%clk 1:31:10]} 4. d4
{[%clk 1:30:14]} Bb4 {[%clk 1:30:47]} 5. Qa4+ {[%clk 1:29:22]} Nc6
{[%clk 1:30:59]} 6. e3 {[%clk 1:29:28]} O-O {[%clk 1:28:31]} 7. Bd2
{[%clk 1:29:05]} Qe7 {[%clk 1:21:25]} 8. a3 {[%clk 1:23:27]} Bxc3
{[%clk 1:21:26]} 9. Bxc3 {[%clk 1:23:37]} Ne4 {[%clk 1:21:10]} 10. Bd3
{[%clk 1:22:21]} Nxc3 {[%clk 1:14:33]} 11. bxc3 {[%clk 1:22:41]} dxc4
{[%clk 1:06:42]} 12. Qxc4 {[%clk 1:21:08]} Qd6 {[%clk 1:03:26]} 13. O-O
{[%clk 1:16:01]} b6 {[%clk 1:01:08]} 14. e4 {[%clk 0:56:51]} Na5 {[%clk 0:50:15]}
15. Qb5 {[%clk 0:54:06]} c5 {[%clk 0:42:23]} 16. e5 {[%clk 0:51:43]} Qc7
{[%clk 0:40:17]} 17. Ng5 {[%clk 0:42:11]} h6 {[%clk 0:38:12]} 18. Ne4
{[%clk 0:42:11]} Bd7 {[%clk 0:33:37]} 19. Qb2 {[%clk 0:40:40]} Bc6
{[%clk 0:33:31]} 20. Rae1 {[%clk 0:39:21]} Rad8 {[%clk 0:32:35]} 21. Re3
{[%clk 0:36:56]} Bxe4 {[%clk 0:27:54]} 22. Rxe4 {[%clk 0:37:26]} f5
{[%clk 0:29:03]} 23. exf6 {[%clk 0:31:43]} Rxf6 {[%clk 0:28:31]} 24. Qe2
{[%clk 0:31:15]} cxd4 {[%clk 0:24:10]} 25. Rxe6 {[%clk 0:24:58]} Rxe6
{[%clk 0:23:46]} 26. Qxe6+ {[%clk 0:25:17]} Qf7 {[%clk 0:23:34]} 27. Bh7+
{[%clk 0:22:05]} Kf8 {[%clk 0:23:57]} 28. Qe4 {[%clk 0:21:55]} Qd5
{[%clk 0:20:23]} 29. Rd1 {[%clk 0:11:38]} Qxe4 {[%clk 0:17:11]} 30. Bxe4
{[%clk 0:12:03]} Re8 {[%clk 0:17:36]} 31. Rxd4 {[%clk 0:10:17]} Nc6
{[%clk 0:17:10]} 32. Rc4 {[%clk 0:08:41]} Na5 {[%clk 0:17:19]} 33. Rd4
{[%clk 0:06:28]} 1/2-1/2

[Event "Nordic Youth Chess Championship"]
[Site "?"]
[Date "2020.02.14"]
[Round "2.9"]
[White "Stefansson, Vignir Vatnar"]
[Black "Multanen, Jimi"]
[Result "1-0"]
[BlackElo "1701"]
[WhiteElo "2323"]
[LiveChessVersion "1.4.8"]

1. d4 {[%clk 1:30:49]} Nf6 {[%clk 1:30:42]} 2. c4 {[%clk 1:30:20]} e6
{[%clk 1:31:03]} 3. g3 {[%clk 1:29:39]} d5 {[%clk 1:31:17]} 4. Bg2
{[%clk 1:30:02]} dxc4 {[%clk 1:31:12]} 5. Qa4+ {[%clk 1:30:19]} Nbd7
{[%clk 1:31:21]} 6. Nf3 {[%clk 1:30:37]} c5 {[%clk 1:27:46]} 7. O-O
{[%clk 1:30:11]} Be7 {[%clk 1:25:53]} 8. dxc5 {[%clk 1:29:43]} O-O
{[%clk 1:19:45]} 9. Qxc4 {[%clk 1:29:48]} Bxc5 {[%clk 1:19:18]} 10. Bf4
{[%clk 1:28:13]} Nd5 {[%clk 1:16:10]} 11. Nc3 {[%clk 1:27:23]} Nxc3
{[%clk 1:12:39]} 12. Qxc3 {[%clk 1:27:43]} Qe7 {[%clk 1:09:24]} 13. Rac1
{[%clk 1:27:07]} f6 {[%clk 1:05:37]} 14. Nd4 {[%clk 1:20:57]} Bb4
{[%clk 0:52:16]} 15. Qb3 {[%clk 1:21:03]} Nb6 {[%clk 0:46:25]} 16. Rc7
{[%clk 1:21:26]} Qd8 {[%clk 0:45:22]} 17. Nxe6 {[%clk 1:20:42]} Bxe6
{[%clk 0:45:32]} 18. Qxe6+ {[%clk 1:21:05]} Kh8 {[%clk 0:45:59]} 19. Bxb7
{[%clk 1:20:12]} 1-0

[Event "Nordic Youth Chess Championship"]
[Site "?"]
[Date "2020.02.14"]
[Round "2.10"]
[White "Melaa, Sondre"]
[Black "Stage-Steffensen, Sander"]
[Result "1-0"]
[BlackElo "2105"]
[WhiteElo "2180"]
[LiveChessVersion "1.4.8"]

1. d4 {[%clk 1:30:56]} Nf6 {[%clk 1:30:52]} 2. Nf3 {[%clk 1:31:19]} e6
{[%clk 1:31:13]} 3. g3 {[%clk 1:31:41]} d5 {[%clk 1:30:53]} 4. Bg2
{[%clk 1:32:03]} Be7 {[%clk 1:30:58]} 5. c4 {[%clk 1:32:24]} O-O {[%clk 1:30:57]}
6. O-O {[%clk 1:32:46]} c6 {[%clk 1:30:20]} 7. Qc2 {[%clk 1:32:54]} Nbd7
{[%clk 1:29:49]} 8. Nbd2 {[%clk 1:33:15]} Re8 {[%clk 1:28:06]} 9. e4
{[%clk 1:27:58]} dxc4 {[%clk 1:24:08]} 10. Nxc4 {[%clk 1:27:55]} c5
{[%clk 1:21:27]} 11. Rd1 {[%clk 1:21:41]} cxd4 {[%clk 1:17:18]} 12. Nxd4
{[%clk 1:21:40]} a6 {[%clk 1:16:01]} 13. e5 {[%clk 1:15:56]} Nd5 {[%clk 1:13:45]}
14. Nf5 {[%clk 1:00:47]} Nb4 {[%clk 0:54:54]} 15. Nxe7+ {[%clk 1:00:40]} Qxe7
{[%clk 0:55:18]} 16. Qc3 {[%clk 0:56:00]} Rd8 {[%clk 0:49:22]} 17. b3
{[%clk 0:51:16]} Nd5 {[%clk 0:42:56]} 18. Bxd5 {[%clk 0:49:16]} exd5
{[%clk 0:43:16]} 19. Rxd5 {[%clk 0:49:30]} b5 {[%clk 0:43:25]} 20. Ba3
{[%clk 0:45:57]} Qe6 {[%clk 0:39:40]} 21. Rd6 {[%clk 0:45:30]} Qh3
{[%clk 0:38:55]} 22. Ne3 {[%clk 0:44:48]} Re8 {[%clk 0:36:53]} 23. Bb2
{[%clk 0:42:13]} f6 {[%clk 0:32:47]} 24. exf6 {[%clk 0:40:59]} Ne5
{[%clk 0:32:14]} 25. f4 {[%clk 0:27:18]} Nf3+ {[%clk 0:24:46]} 26. Kf2
{[%clk 0:27:35]} Qxh2+ {[%clk 0:23:41]} 27. Ng2 {[%clk 0:27:19]} Re2+
{[%clk 0:23:04]} 28. Kxe2 {[%clk 0:27:40]} Qxg2+ {[%clk 0:23:01]} 29. Ke3
{[%clk 0:27:55]} Nd4 {[%clk 0:21:36]} 30. Rd8+ {[%clk 0:26:14]} Kf7
{[%clk 0:22:00]} 31. Qc7+ {[%clk 0:26:35]} 1-0

[Event "Nordic Youth Chess Championship"]
[Site "?"]
[Date "2020.02.14"]
[Round "2.11"]
[White "Tummasarson, Flovin M."]
[Black "Fjallheim, Leif Reinert"]
[Result "0-1"]
[BlackElo "1996"]
[WhiteElo "1664"]
[LiveChessVersion "1.4.8"]

1. e4 {[%clk 1:30:50]} e5 {[%clk 1:30:37]} 2. Nf3 {[%clk 1:31:02]} Nc6
{[%clk 1:31:01]} 3. Bb5 {[%clk 1:30:46]} a6 {[%clk 1:30:42]} 4. Ba4
{[%clk 1:31:06]} Nf6 {[%clk 1:30:19]} 5. d3 {[%clk 1:31:13]} Bc5 {[%clk 1:29:25]}
6. O-O {[%clk 1:30:01]} b5 {[%clk 1:29:46]} 7. Bb3 {[%clk 1:30:19]} d6
{[%clk 1:29:53]} 8. c3 {[%clk 1:29:34]} Na5 {[%clk 1:28:15]} 9. Bc2
{[%clk 1:28:22]} Bb6 {[%clk 1:28:38]} 10. Re1 {[%clk 1:25:59]} c5
{[%clk 1:26:13]} 11. Nbd2 {[%clk 1:25:08]} Nc6 {[%clk 1:25:49]} 12. Nf1
{[%clk 1:23:22]} Qc7 {[%clk 1:21:58]} 13. h3 {[%clk 1:20:57]} Qa7
{[%clk 1:19:16]} 14. Be3 {[%clk 1:13:47]} a5 {[%clk 1:18:37]} 15. a3
{[%clk 1:12:45]} Ng8 {[%clk 1:13:35]} 16. Ng3 {[%clk 1:08:22]} Nge7
{[%clk 1:13:26]} 17. Nh4 {[%clk 1:00:07]} Qc7 {[%clk 1:06:47]} 18. Qf3
{[%clk 0:56:35]} Be6 {[%clk 1:04:22]} 19. Nhf5 {[%clk 0:53:40]} Nxf5
{[%clk 1:02:40]} 20. exf5 {[%clk 0:49:39]} Bc8 {[%clk 1:01:15]} 21. Bb3
{[%clk 0:49:21]} Bb7 {[%clk 0:59:55]} 22. Qg4 {[%clk 0:42:27]} f6
{[%clk 0:55:24]} 23. Be6 {[%clk 0:36:30]} Nd8 {[%clk 0:54:11]} 24. Nh5
{[%clk 0:34:48]} Nxe6 {[%clk 0:49:27]} 25. fxe6 {[%clk 0:34:20]} Kf8
{[%clk 0:46:20]} 26. d4 {[%clk 0:28:35]} Qe7 {[%clk 0:41:24]} 27. f3
{[%clk 0:21:41]} Bd5 {[%clk 0:40:00]} 28. dxc5 {[%clk 0:18:42]} Bxc5
{[%clk 0:35:25]} 29. Bxc5 {[%clk 0:16:24]} dxc5 {[%clk 0:35:07]} 30. Rad1
{[%clk 0:14:52]} Bxe6 {[%clk 0:33:07]} 31. Qe4 {[%clk 0:14:56]} Rc8
{[%clk 0:27:51]} 32. Nf4 {[%clk 0:11:00]} Bb3 {[%clk 0:23:58]} 33. Rd2
{[%clk 0:09:22]} g6 {[%clk 0:17:44]} 34. Ree2 {[%clk 0:04:11]} Kg7
{[%clk 0:15:58]} 35. Nd5 {[%clk 0:02:28]} Qe6 {[%clk 0:13:56]} 36. Nf4
{[%clk 0:01:45]} Qf7 {[%clk 0:13:06]} 37. Nd5 {[%clk 0:01:36]} Rb8
{[%clk 0:12:29]} 38. Ne3 {[%clk 0:01:34]} Rhd8 {[%clk 0:12:12]} 39. Qc6
{[%clk 0:01:45]} Rdc8 {[%clk 0:10:44]} 40. Qa6 {[%clk 0:01:15]} a4
{[%clk 0:10:16]} 41. Ng4 {[%clk 0:01:31]} Rd8 {[%clk 0:07:25]} 42. Qc6
{[%clk 0:01:51]} Rdc8 {[%clk 0:06:12]} 43. Qd7 {[%clk 0:01:09]} Rc7
{[%clk 0:05:21]} 44. Qd6 {[%clk 0:01:14]} Rbb7 {[%clk 0:04:48]} 45. Kf2
{[%clk 0:01:07]} Bc4 {[%clk 0:04:00]} 46. Rxe5 {[%clk 0:00:36]} Rd7
{[%clk 0:03:14]} 0-1

[Event "Nordic Youth Chess Championship"]
[Site "?"]
[Date "2020.02.14"]
[Round "2.12"]
[White "Aalto, Patrik"]
[Black "Muntean, Victor"]
[Result "1-0"]
[BlackElo "1960"]
[WhiteElo "2080"]
[LiveChessVersion "1.4.8"]

1. d4 {[%clk 1:30:40]} Nf6 {[%clk 1:30:51]} 2. Nc3 {[%clk 1:30:31]} g6
{[%clk 1:30:01]} 3. e4 {[%clk 1:30:16]} d6 {[%clk 1:30:20]} 4. f4
{[%clk 1:27:57]} Bg7 {[%clk 1:30:06]} 5. Nf3 {[%clk 1:28:04]} O-O
{[%clk 1:29:38]} 6. Be3 {[%clk 1:17:06]} Ng4 {[%clk 1:25:27]} 7. Bg1
{[%clk 1:14:09]} e5 {[%clk 1:23:49]} 8. dxe5 {[%clk 0:59:42]} dxe5
{[%clk 1:23:36]} 9. h3 {[%clk 0:54:00]} Nh6 {[%clk 1:23:07]} 10. Qxd8
{[%clk 0:52:54]} Rxd8 {[%clk 1:23:32]} 11. Nxe5 {[%clk 0:52:13]} Bxe5
{[%clk 1:23:56]} 12. fxe5 {[%clk 0:52:39]} c6 {[%clk 1:16:15]} 13. g4
{[%clk 0:42:27]} Kg7 {[%clk 1:14:42]} 14. g5 {[%clk 0:41:49]} Ng8
{[%clk 1:14:55]} 15. Bc4 {[%clk 0:36:07]} Nd7 {[%clk 1:05:39]} 16. O-O-O
{[%clk 0:27:09]} Re8 {[%clk 1:01:34]} 17. Rf1 {[%clk 0:23:00]} Re7
{[%clk 0:59:27]} 18. Bd4 {[%clk 0:20:07]} c5 {[%clk 0:59:09]} 19. e6+
{[%clk 0:14:35]} cxd4 {[%clk 0:59:28]} 20. exf7 {[%clk 0:14:45]} Nh6
{[%clk 0:58:25]} 21. gxh6+ {[%clk 0:13:30]} Kf8 {[%clk 0:58:27]} 22. Nd5
{[%clk 0:11:20]} Rxe4 {[%clk 0:58:07]} 23. Re1 {[%clk 0:08:03]} Re5
{[%clk 0:54:15]} 24. Rhf1 {[%clk 0:06:07]} Rb8 {[%clk 0:51:47]} 25. Rxe5
{[%clk 0:04:06]} Nxe5 {[%clk 0:52:12]} 26. Nf6 {[%clk 0:04:02]} Bf5
{[%clk 0:51:22]} 27. Nxh7+ {[%clk 0:04:15]} Ke7 {[%clk 0:51:45]} 28. f8=Q+
{[%clk 0:04:33]} Rxf8 {[%clk 0:52:08]} 29. Nxf8 {[%clk 0:04:48]} 1-0

[Event "Nordic Youth Chess Championship"]
[Site "?"]
[Date "2020.02.15"]
[Round "3.1"]
[White "Storme, Isak"]
[Black "Freyr Heimisson, Hilmir"]
[Result "1/2-1/2"]
[BlackElo "2250"]
[WhiteElo "2314"]
[LiveChessVersion "1.4.8"]

1. d4 {[%clk 1:30:55]} f5 {[%clk 1:30:30]} 2. Nf3 {[%clk 1:30:36]} Nf6
{[%clk 1:30:53]} 3. c4 {[%clk 1:30:41]} g6 {[%clk 1:31:14]} 4. g3
{[%clk 1:31:00]} Bg7 {[%clk 1:31:39]} 5. Bg2 {[%clk 1:31:00]} O-O
{[%clk 1:32:03]} 6. O-O {[%clk 1:31:22]} d6 {[%clk 1:32:31]} 7. Nc3
{[%clk 1:31:36]} Qe8 {[%clk 1:32:51]} 8. d5 {[%clk 1:27:41]} Na6 {[%clk 1:33:14]}
9. Nd4 {[%clk 1:18:33]} Bd7 {[%clk 1:28:21]} 10. e4 {[%clk 1:10:15]} Nxe4
{[%clk 1:02:26]} 11. Nxe4 {[%clk 1:10:25]} fxe4 {[%clk 1:02:50]} 12. Bxe4
{[%clk 1:10:46]} c5 {[%clk 0:55:28]} 13. Ne6 {[%clk 1:09:27]} Bxe6
{[%clk 0:55:45]} 14. dxe6 {[%clk 1:09:51]} Rb8 {[%clk 0:54:01]} 15. Qe2
{[%clk 1:01:47]} Nc7 {[%clk 0:47:22]} 16. a4 {[%clk 0:59:14]} Kh8
{[%clk 0:47:31]} 17. Bg2 {[%clk 0:57:16]} Bd4 {[%clk 0:38:48]} 18. Bh3
{[%clk 0:49:02]} a6 {[%clk 0:30:33]} 19. Be3 {[%clk 0:42:30]} Bxe3
{[%clk 0:23:33]} 20. Qxe3 {[%clk 0:39:45]} Rf6 {[%clk 0:23:24]} 21. f4
{[%clk 0:37:47]} Qg8 {[%clk 0:22:52]} 22. Rfe1 {[%clk 0:37:21]} Qg7
{[%clk 0:21:48]} 23. Rab1 {[%clk 0:30:48]} a5 {[%clk 0:20:41]} 24. Rbd1
{[%clk 0:30:03]} Rff8 {[%clk 0:19:16]} 25. Rd2 {[%clk 0:30:04]} Na6
{[%clk 0:18:42]} 26. Bg2 {[%clk 0:22:13]} Nb4 {[%clk 0:16:49]} 27. h4
{[%clk 0:20:14]} Nc6 {[%clk 0:15:31]} 28. Bxc6 {[%clk 0:19:09]} bxc6
{[%clk 0:16:00]} 29. b3 {[%clk 0:18:59]} Qf6 {[%clk 0:16:02]} 30. Rd3
{[%clk 0:18:49]} Rb6 {[%clk 0:15:48]} 31. Kg2 {[%clk 0:18:24]} Rfb8
{[%clk 0:15:49]} 32. Re2 {[%clk 0:18:05]} Kg7 {[%clk 0:15:54]} 33. Rf2
{[%clk 0:15:56]} Qf5 {[%clk 0:16:01]} 34. Kh2 {[%clk 0:15:05]} h5
{[%clk 0:16:08]} 35. Kg2 {[%clk 0:15:15]} R6b7 {[%clk 0:15:21]} 36. Rf3
{[%clk 0:15:07]} Kf6 {[%clk 0:15:09]} 37. Qe2 {[%clk 0:07:53]} Qxe6
{[%clk 0:08:25]} 38. Rde3 {[%clk 0:08:12]} Qf5 {[%clk 0:06:09]} 39. Re5
{[%clk 0:07:30]} dxe5 {[%clk 0:03:20]} 40. fxe5+ {[%clk 0:07:54]} Ke6
{[%clk 0:03:46]} 41. Rxf5 {[%clk 0:08:16]} gxf5 {[%clk 0:04:14]} 42. Qxh5
{[%clk 0:08:07]} Rxb3 {[%clk 0:04:14]} 43. Qg6+ {[%clk 0:07:02]} Kxe5
{[%clk 0:04:37]} 44. Qg7+ {[%clk 0:06:43]} Kd6 {[%clk 0:04:18]} 45. Qh6+
{[%clk 0:06:21]} e6 {[%clk 0:03:06]} 46. Qd2+ {[%clk 0:06:29]} Ke5
{[%clk 0:02:30]} 47. Qf4+ {[%clk 0:06:05]} Kf6 {[%clk 0:02:56]} 48. Qg5+
{[%clk 0:05:22]} Ke5 {[%clk 0:03:07]} 49. Qf4+ {[%clk 0:05:45]} Kf6
{[%clk 0:03:32]} 50. Qg5+ {[%clk 0:06:10]} Ke5 {[%clk 0:03:43]} 51. Qf4+
{[%clk 0:06:28]} 1/2-1/2

[Event "Nordic Youth Chess Championship"]
[Site "?"]
[Date "2020.02.15"]
[Round "3.2"]
[White "Kristensen, Bjarke Hautop"]
[Black "Kistrup, Nicolai"]
[Result "1/2-1/2"]
[BlackElo "2194"]
[WhiteElo "2227"]
[LiveChessVersion "1.4.8"]

1. Nf3 {[%clk 1:30:47]} c5 {[%clk 1:30:38]} 2. e4 {[%clk 1:30:53]} e6
{[%clk 1:30:30]} 3. d4 {[%clk 1:31:12]} cxd4 {[%clk 1:30:54]} 4. Nxd4
{[%clk 1:31:38]} Nc6 {[%clk 1:30:46]} 5. Nc3 {[%clk 1:32:02]} Qc7
{[%clk 1:29:38]} 6. Be3 {[%clk 1:32:24]} a6 {[%clk 1:29:35]} 7. Qd2
{[%clk 1:32:42]} Nf6 {[%clk 1:22:50]} 8. f3 {[%clk 1:32:35]} b5 {[%clk 1:06:04]}
9. O-O-O {[%clk 1:31:32]} Nxd4 {[%clk 1:00:04]} 10. Bxd4 {[%clk 1:30:23]} Bb7
{[%clk 0:58:52]} 11. g4 {[%clk 1:27:30]} Be7 {[%clk 0:58:14]} 12. Kb1
{[%clk 1:14:28]} Bc6 {[%clk 0:36:32]} 13. Bh3 {[%clk 0:54:17]} b4
{[%clk 0:24:14]} 14. Ne2 {[%clk 0:54:40]} d5 {[%clk 0:23:50]} 15. e5
{[%clk 0:48:36]} Nd7 {[%clk 0:23:51]} 16. f4 {[%clk 0:48:55]} a5 {[%clk 0:10:47]}
17. Qe3 {[%clk 0:34:29]} Bb5 {[%clk 0:04:00]} 18. f5 {[%clk 0:31:10]} Bxe2
{[%clk 0:01:30]} 19. Qxe2 {[%clk 0:31:39]} Bc5 {[%clk 0:01:28]} 20. fxe6
{[%clk 0:25:57]} fxe6 {[%clk 0:01:47]} 21. g5 {[%clk 0:26:24]} Bxd4
{[%clk 0:01:07]} 22. Rxd4 {[%clk 0:26:34]} Nc5 {[%clk 0:00:51]} 23. Rf1
{[%clk 0:23:42]} O-O-O {[%clk 0:00:33]} 24. c3 {[%clk 0:18:22]} bxc3
{[%clk 0:00:33]} 25. Rc1 {[%clk 0:18:51]} Kb8 {[%clk 0:00:33]} 26. Rxc3
{[%clk 0:18:34]} Qb6 {[%clk 0:00:38]} 27. Bxe6 {[%clk 0:17:51]} Nxe6
{[%clk 0:00:47]} 28. Rb3 {[%clk 0:16:26]} Qxb3 {[%clk 0:01:06]} 29. axb3
{[%clk 0:16:55]} Nxd4 {[%clk 0:01:27]} 30. Qe3 {[%clk 0:15:45]} Nf5
{[%clk 0:01:20]} 31. Qb6+ {[%clk 0:16:10]} Ka8 {[%clk 0:01:33]} 32. Qa6+ 1/2-1/2